000 01111nam0a22003131 4500
001 RU\NLR\INFOCOMM_190\5000025603
005 20250613090734.0
035 _a(NLR Aleph) 009076993
090 _a7958433
_c7958433
100 _a20081108d1966 |||y0rusy50 ca
101 0 _aspa
102 _aRU
105 _aac z 000zb
200 1 _aI. P. Pavlov
_esu vida y su obra científica
_fE. A. Asratian
205 _a2-a ed. española
210 _aΜ.
_cMir
_d[1966]
215 _a168 с., 6 л. ил.
_cил., портр.
_d21 см
300 _aНа доп. тит. л.: И. П. Павлов : жизнь и научное творчество / Э. А. Асратян
517 1 _aИ. П. Павлов
_eжизнь и научное творчество
686 _aЕ903Д(2)
_2rubbk
700 1 _6z01790
_aAsratjan
_bE. A.
_f1903-1981
_gÉzras Asratovič
_4070
702 1 _aPavlov
_bI. P.
_f1849-1936
_gIvan Petrovič
_4570
790 1 _6z01700
_aAsratian
_bE. A.
_4070
801 1 _aRU
_bNLR
_c20081108
801 0 _aRU
_bNLR
_gPSBO
852 _aNLR
_jАф01 Г-3/111
942 _cBOOK
980 _aNB